AVEX - zkušenosti se zahraniční kapitálovou účastí.

S prechodom k trhovej ekonomike vzniká akútna potreba zvýšiť úroveň svojich výrobkov a zaviesť nové technológie. Zahraničná kapitálová účasť sa javí ako ideálne riešenie. Skúsenosti akciovej spoločnosti s kapitálovou účasťou Philips - AVEX Bratislava. Poučenie pre využívanie zahraničnej kapitálovej...

ver descrição completa

Na minha lista:
Detalhes bibliográficos
Autor principal: Vácha, S.
Formato: Capítulo de Livro
Idioma:tcheco
Assuntos:
Tags: Adicionar Tag
Sem tags, seja o primeiro a adicionar uma tag!

MARC

LEADER 00000naa a2200000 4500
001 r002473
005 20220819174955.0
041 0 |a cze 
044 |a [CS] 
245 1 0 |a AVEX - zkušenosti se zahraniční kapitálovou účastí.  |c S. Vácha 
520 |a S prechodom k trhovej ekonomike vzniká akútna potreba zvýšiť úroveň svojich výrobkov a zaviesť nové technológie. Zahraničná kapitálová účasť sa javí ako ideálne riešenie. Skúsenosti akciovej spoločnosti s kapitálovou účasťou Philips - AVEX Bratislava. Poučenie pre využívanie zahraničnej kapitálovej účasti - vytvorenie vlastnej dlhodobej podnikateľskej koncepcie. 
610 2 0 |a kapitál zahraničný 
610 2 0 |a AVEX 
610 2 0 |a podnik zmiešaný 
610 2 0 |a inovácia 
610 2 0 |a Philips 
610 2 0 |a spoločnosti akciové 
100 1 |a Vácha, S.